Cinq visages de l'amour

שמור ב:
מידע ביבליוגרפי
מחבר ראשי: Maurois, André
פורמט: ספר
שפה:Undetermined
יצא לאור: New York, Estados Unidos Didier 1942
נושאים:
תגים: הוספת תג
אין תגיות, היה/י הראשונ/ה לתייג את הרשומה!

MARC

LEADER 00000nam a2200000Ia 4500
008 170316s9999 xx 000 0 und d
040 |a cru BVZT 
090 |a 840 M-16c 
100 |a Maurois, André 
245 |a Cinq visages de l'amour 
260 |a New York, Estados Unidos 
260 |b Didier 
260 |c 1942 
300 |a 252 páginas 
650 |a LITERATURA FRANCESA 
999 |c 7797  |d 7797 
942 |c 15 D  |h 840 M-16c  |2 z